000 00761nam a2200253Ia 4500
003 GCL
005 20240530110858.0
008 140319s9999 xx 000 0 ara d
020 _a8009110397
040 _aGCL /
_cGCL
082 0 4 _a307.12
_bم ت
100 1 _aمصطفى بدر
245 1 0 _aتنسيق وتجميل المدن والقرى /
_cمصطفى بدر
250 _aالثانية
260 _aالقاهرة :
_bمنشاة المعارف ،
_c1992
300 _a151 ص ؛
_c24 سم
650 0 4 _aالتلوث
650 0 4 _aتخطيط المدن
650 0 4 _aالتنمية الريفية
650 0 4 _aالحدائق - تنسيق
650 0 4 _aالقرى - تجميل
650 0 4 _aالتجميل - عناصر
942 _2ddc
_cBK
999 _c66069
_d66069